000 00293nam a22001337a 4500
008 180926b xxu||||| |||| 00| 0 eng d
020 _a9780897935203
041 _aeng
080 _a618
100 _a10
101 _aGJIN
245 _aYour High-Risk Pregnancy
_cRaab,D.M
942 _2udc
_cBK
999 _c48475
_d48475